[Event "Ruhrgebiet Verbandsliga2 1213"]
[Site "Nordrheinwestfalen"]
[Date "2012.09.30"]
[Round "2.8"]
[White "Leifeld, Jochen"]
[Black "Volmer, Martin"]
[Result "1/2-1/2"]
[WhiteElo "1812"]
[BlackElo "1663"]
[PlyCount "65"]
[EventDate "2012.09.02"]
[EventType "team-tourn"]
[EventRounds "9"]
[EventCountry "GER"]
[SourceTitle "EXT 2020"]
[Source "ChessBase"]
[SourceDate "2019.10.17"]
[SourceVersion "1"]
[SourceVersionDate "2019.10.17"]
[SourceQuality "1"]
[WhiteTeam "Ahlen SV II"]
[BlackTeam "Mengede SG"]
[WhiteTeamCountry "GER"]
[BlackTeamCountry "GER"]

1. e4 c5 2. Nf3 d6 3. c3 Nc6 4. d4 cxd4 5. cxd4 Nf6 6. Nc3 g6 7. h3 Bg7 8. Bc4 0-0 9. Be3 a6 10. a3 b5 11. Ba2 Bb7 12. Rc1 Rc8 13. 0-0 Na5 14. b4 Nc4 15. Bxc4 Rxc4 16. Nd2 Rc8 17. f3 Nd7 18. Ncb1 Qb6 19. Nb3 Rxc1 20. Qxc1 Rc8 21. Qd2 d5 22. e5 Qe6 23. g4 h5 24. Kg2 f6 25. exf6 exf6 26. Re1 hxg4 27. hxg4 Qf7 28. Na5 Nb6 29. Qd3 Ba8 30. Bf4 Nc4 31. Nb3 Re8 32. Re2 Bf8 33. Nc5 1/2-1/2

[Event "Ruhrgebiet VK1 0910"]
[Site "Ruhrgebiet"]
[Date "2010.04.18"]
[Round "9.8"]
[White "Volmer, Martin"]
[Black "Marx, Henning"]
[Result "0-1"]
[WhiteElo "1626"]
[BlackElo "1995"]
[PlyCount "70"]
[EventDate "2009.09.06"]
[EventType "team"]
[EventRounds "9"]
[EventCountry "GER"]
[SourceTitle "EXT 2011"]
[Source "ChessBase"]
[SourceDate "2010.11.26"]
[SourceVersion "1"]
[SourceVersionDate "2010.11.26"]
[SourceQuality "1"]
[WhiteTeam "Mengede SG"]
[BlackTeam "Hattingen"]
[WhiteTeamCountry "GER"]
[BlackTeamCountry "GER"]

1. d4 d5 2. c4 c6 3. Nf3 Nf6 4. cxd5 cxd5 5. Nc3 Nc6 6. Bf4 e6 7. e3 Bd6 8. Bg3 0-0 9. a3 Ne4 10. Bd3 f5 11. 0-0 Nxg3 12. hxg3 Rf6 13. Nd2 g5 14. f4 gxf4 15. gxf4 Rg6 16. Qh5 Qb6 17. Na4 Qa5 18. Nc3 Bd7 19. b4 Qd8 20. Nf3 Be8 21. Qh2 Be7 22. Ne5 Nxe5 23. fxe5 Bg5 24. Rf3 Rh6 25. Qg3 Bh5 26. Rff1 Kh8 27. Qf2 Qe7 28. Nb5 Rg8 29. Rac1 a6 30. Nd6 Bh4 31. Qd2 Bg3 32. Bxf5 exf5 33. Nxf5 Qg5 34. Nxh6 Qh4 35. Nf7+ Kg7 0-1

[Event "Ruhrgebiet VK1 0910"]
[Site "Ruhrgebiet"]
[Date "2010.02.07"]
[Round "6.8"]
[White "Niemann, Walter"]
[Black "Volmer, Martin"]
[Result "1/2-1/2"]
[WhiteElo "1828"]
[BlackElo "1626"]
[PlyCount "89"]
[EventDate "2009.09.06"]
[EventType "team"]
[EventRounds "9"]
[EventCountry "GER"]
[SourceTitle "EXT 2011"]
[Source "ChessBase"]
[SourceDate "2010.11.26"]
[SourceVersion "1"]
[SourceVersionDate "2010.11.26"]
[SourceQuality "1"]
[WhiteTeam "Rochade Steele/Kray"]
[BlackTeam "Mengede SG"]
[WhiteTeamCountry "GER"]
[BlackTeamCountry "GER"]

1. d4 d5 2. c4 c6 3. Nc3 Nf6 4. Nf3 e6 5. Bg5 Nbd7 6. e3 Qa5 7. Nd2 Bb4 8. Qc2 0-0 9. Be2 Re8 10. 0-0 dxc4 11. Bxf6 Nxf6 12. Nxc4 Qc7 13. Rac1 Bxc3 14. Qxc3 Nd5 15. Qb3 f6 16. Nd2 Qe7 17. f4 Kh8 18. Bf3 Qb4 19. Qxb4 Nxb4 20. a3 Nd5 21. Kf2 e5 22. dxe5 fxe5 23. g3 exf4 24. exf4 Be6 25. Ne4 Rad8 26. Rfe1 Bf7 27. Re2 Kg8 28. Rd2 Bg6 29. Rd4 Bxe4 30. Rxe4 Rxe4 31. Bxe4 Nf6 32. Bc2 Rd2+ 33. Kg1 Ng4 34. Bf5 Nxh2 35. b3 Nf3+ 36. Kf1 Nd4 37. Bc8 b6 38. Rc3 c5 39. b4 Rc2 40. Rxc2 Nxc2 41. bxc5 bxc5 42. a4 Kf7 43. Ke2 Ke7 44. Kd3 Nd4 45. Bb7 1/2-1/2

[Event "Dortmund-ch"]
[Site "Dortmund"]
[Date "2004.03.11"]
[Round "6"]
[White "Scholtyssek, Norbert"]
[Black "Volmer, Martin"]
[Result "1/2-1/2"]
[WhiteElo "1608"]
[BlackElo "1779"]
[PlyCount "178"]
[EventDate "2004.03.01"]
[EventType "swiss"]
[EventRounds "9"]
[EventCountry "GER"]
[SourceTitle "EXT 2006"]
[Source "ChessBase"]
[SourceDate "2005.11.24"]
[SourceVersion "1"]
[SourceVersionDate "2005.11.24"]
[SourceQuality "1"]

1. b3 e5 2. Bb2 Nc6 3. e3 d5 4. Bb5 Bd6 5. f4 Qe7 6. Nf3 Bg4 7. h3 Bxf3 8. Qxf3 Nf6 9. 0-0 a6 10. Bxc6+ bxc6 11. fxe5 Bxe5 12. Bxe5 Qxe5 13. Nc3 0-0 14. Qf4 Qe7 15. Rae1 Rfe8 16. Rf2 c5 17. Rfe2 a5 18. d3 c6 19. e4 d4 20. Na4 Rab8 21. Qf5 Qe5 22. Rf1 Rb5 23. Nb2 Qc7 24. Nc4 Qe7 25. e5 Rd8 26. Rfe1 Nd5 27. Nd6 Ne3 28. Rxe3 dxe3 29. Nxb5 cxb5 30. Rxe3 h6 31. Re4 Rd5 32. Qc8+ Kh7 33. Qf5+ g6 34. Qf4 Kg7 35. Qe3 Qe6 36. Qe1 b4 37. Qe3 Qe7 38. Kf2 Rd7 39. e6 fxe6 40. Rxe6 Qf8+ 41. Kg1 Rf7 42. Qe5+ Kh7 43. Qe2 Qd8 44. Qe4 Qg5 45. Kh2 h5 46. h4 Qf4+ 47. Qxf4 Rxf4 48. Kg3 Rg4+ 49. Kh3 Rf4 50. Re5 Rf5 51. Re7+ Kh6 52. Rc7 g5 53. Rc6+ Kg7 54. hxg5 Rxg5 55. g3 Re5 56. Kh4 Rf5 57. Kh3 Re5 58. Kh4 Rf5 59. g4 hxg4 60. Kxg4 Re5 61. Kf4 Rh5 62. Ke4 Rg5 63. Ke3 Kf7 64. Kd2 Rg2+ 65. Kc1 Rg5 66. Ra6 Ke7 67. Rxa5 Kd6 68. Ra6+ Kd5 69. Kb2 Rg2 70. a3 bxa3+ 71. Rxa3 Kd4 72. Ra4+ Kd5 73. Kc3 Kc6 74. Ra5 Kb6 75. Ra4 Kb5 76. Rc4 Kb6 77. Rh4 Kc6 78. Rh6+ Kd5 79. Rh4 Kd6 80. Kb2 Kd5 81. Rc4 Rh2 82. b4 cxb4 83. Rxb4 Rg2 84. Kb3 Kc5 85. d4+ Kd5 86. c3 Rg3 87. Rb5+ Kc6 88. Kc4 Rxc3+ 89. Kxc3 Kxb5 1/2-1/2

[Event "Dortmund8"]
[Site "Dortmund"]
[Date "2003.11.28"]
[Round "13"]
[White "Volmer, Martin"]
[Black "Gerke, Dieter"]
[Result "0-1"]
[WhiteElo "1732"]
[BlackElo "1559"]
[PlyCount "95"]
[EventDate "2003.10.08"]
[EventType "tourn"]
[EventRounds "13"]
[EventCountry "GER"]
[SourceTitle "EXT 2007"]
[Source "ChessBase"]
[SourceDate "2006.11.23"]
[SourceVersion "1"]
[SourceVersionDate "2006.11.23"]
[SourceQuality "1"]

1. d4 Nf6 2. c4 e6 3. Nf3 d5 4. Nc3 c6 5. cxd5 exd5 6. Bg5 Bf5 7. Qb3 b6 8. Ne5 Be7 9. e3 0-0 10. Be2 Re8 11. Rc1 Nfd7 12. Bf4 Nxe5 13. Bxe5 Bd6 14. Bxd6 Qxd6 15. 0-0 Nd7 16. Bf3 Qg6 17. Rfe1 Rac8 18. Ne2 Be4 19. Bxe4 Qxe4 20. Qa4 Qe6 21. Nf4 Qd6 22. b4 b5 23. Qb3 Nb6 24. Nd3 Nc4 25. Nc5 Nd2 26. Qd3 Ne4 27. f3 Nxc5 28. bxc5 Qc7 29. e4 dxe4 30. Rxe4 Qa5 31. Qe2 Rxe4 32. fxe4 Re8 33. Qc2 Qb4 34. Rd1 a5 35. Kf2 a4 36. Kf3 Re6 37. g4 Rf6+ 38. Kg3 Qa5 39. d5 cxd5 40. exd5 Qb4 41. Qc1 Qe4 42. Rf1 Qd3+ 43. Kg2 Qxd5+ 44. Kg1 Qd4+ 45. Kh1 Qe4+ 46. Kg1 Qxg4+ 47. Kh1 Qe4+ 48. Kg1 0-1

[Event "Dortmund8"]
[Site "Dortmund"]
[Date "2003.11.18"]
[Round "11"]
[White "Volmer, Martin"]
[Black "Benke, Werner"]
[Result "1-0"]
[WhiteElo "1732"]
[BlackElo "1636"]
[PlyCount "112"]
[EventDate "2003.10.08"]
[EventType "tourn"]
[EventRounds "13"]
[EventCountry "GER"]
[SourceTitle "EXT 2007"]
[Source "ChessBase"]
[SourceDate "2006.11.23"]
[SourceVersion "1"]
[SourceVersionDate "2006.11.23"]
[SourceQuality "1"]

1. d4 d5 2. Nf3 Nf6 3. Bg5 Bf5 4. e3 Nbd7 5. Bd3 Bxd3 6. Qxd3 e6 7. Nbd2 Be7 8. c4 c6 9. h3 0-0 10. 0-0 h6 11. Bf4 c5 12. cxd5 Nxd5 13. Bg3 cxd4 14. exd4 Nb4 15. Qb3 a5 16. Ne4 a4 17. Qd1 Nf6 18. Nc3 Qa5 19. Qe2 Rfd8 20. a3 Nbd5 21. Rac1 Rac8 22. Nb5 Qa6 23. Rfe1 Rc6 24. Rxc6 bxc6 25. Nc3 Qxe2 26. Nxe2 c5 27. dxc5 Bxc5 28. Rc1 Ne4 29. Rc4 Ndf6 30. Rxa4 Rd1+ 31. Kh2 Bxf2 32. Bxf2 Nxf2 33. Rd4 Rb1 34. Rd8+ Kh7 35. b4 N6e4 36. Ng3 Nxg3 37. Kxg3 Ne4+ 38. Kf4 Nc3 39. Rd3 Rb3 40. Rd7 f6 41. Ra7 Nb5 42. Ra6 e5+ 43. Kf5 Nxa3 44. h4 h5 45. Nd2 Rd3 46. Ne4 Nb5 47. Nc5 Re3 48. Ne6 Re2 49. Rb6 Rf2+ 50. Ke4 Nc3+ 51. Kd3 Nd5 52. Rb7 Rxg2 53. b5 Rg4 54. b6 Nf4+ 55. Nxf4 Rxf4 56. Kc3 Rxh4 1-0

[Event "Dortmund8"]
[Site "Dortmund"]
[Date "2003.10.08"]
[Round "1"]
[White "Bremberg, Gerd"]
[Black "Volmer, Martin"]
[Result "0-1"]
[WhiteElo "1776"]
[BlackElo "1732"]
[PlyCount "90"]
[EventDate "2003.10.08"]
[EventType "tourn"]
[EventRounds "13"]
[EventCountry "GER"]
[SourceTitle "EXT 2007"]
[Source "ChessBase"]
[SourceDate "2006.11.23"]
[SourceVersion "1"]
[SourceVersionDate "2006.11.23"]
[SourceQuality "1"]

1. c4 e5 2. Nc3 Nf6 3. g3 d5 4. cxd5 Nxd5 5. Bg2 c6 6. Nf3 Qc7 7. 0-0 Be7 8. d3 0-0 9. Bd2 Be6 10. Rc1 Rd8 11. Nb5 Qb6 12. Nc3 Nxc3 13. Bxc3 e4 14. Ne1 exd3 15. Nxd3 Bxa2 16. Ra1 Qb3 17. Qe1 Qc4 18. Ba5 b6 19. Bb4 Bf6 20. Rc1 Qb5 21. Bc3 Bxc3 22. Qxc3 Bd5 23. e4 Be6 24. Nf4 c5 25. Nxe6 fxe6 26. Qe5 Re8 27. Bh3 Qb3 28. Rcd1 Nc6 29. Qd6 Nd4 30. f4 Rad8 31. Qc7 Ne2+ 32. Kf2 Rxd1 33. Kxe2 Qd3+ 34. Kf2 Rxf1+ 35. Bxf1 Qd4+ 36. Kf3 Qxb2 37. Qd7 Qb3+ 38. Kg4 Rf8 39. Kg5 h6+ 40. Kg6 Rf6+ 41. Kh5 Qf3+ 42. Kh4 Qxf1 43. e5 Rg6 44. Qd8+ Kh7 45. Kh5 Qf3+ 0-1

[Event "Ruhrgebiet VK1 0001"]
[Site "Ruhrgebiet"]
[Date "2000.11.19"]
[Round "3"]
[White "Volmer, Martin"]
[Black "Niebius, Norbert"]
[Result "1-0"]
[WhiteElo "1785"]
[BlackElo "1874"]
[PlyCount "105"]
[EventDate "2000.09.17"]
[EventType "team-tourn"]
[EventRounds "9"]
[EventCountry "GER"]
[SourceTitle "EXT 2023"]
[Source "ChessBase"]
[SourceDate "2022.10.05"]
[SourceVersion "1"]
[SourceVersionDate "2022.10.05"]
[SourceQuality "1"]
[WhiteTeam "Mengede SG"]
[BlackTeam "Buer SF"]
[WhiteTeamCountry "GER"]
[BlackTeamCountry "GER"]

1. d4 e6 2. c4 f5 3. Nc3 Nf6 4. Bg5 Be7 5. Nf3 0-0 6. e3 d6 7. Bd3 Nbd7 8. 0-0 h6 9. Bxf6 Nxf6 10. Qc2 Qe8 11. Nb5 Bd8 12. b4 Bd7 13. Nc3 Qh5 14. c5 d5 15. Be2 g5 16. Ne5 Qe8 17. a4 Ne4 18. b5 c6 19. Rab1 Bf6 20. bxc6 Bxc6 21. Nxc6 Nxc3 22. Qxc3 Qxc6 23. Qb4 Rab8 24. Qa5 Ra8 25. Bb5 Qc8 26. Rfc1 Rf7 27. Qd2 g4 28. f4 gxf3 29. gxf3 Qc7 30. f4 Kh7 31. Qe2 Rg8+ 32. Kh1 Rfg7 33. Rg1 Qa5 34. Rxg7+ Rxg7 35. Rg1 Re7 36. Qh5 Bg7 37. Qg6+ Kh8 38. Be8 Qc7 39. Bb5 a6 40. Bd3 Qa5 41. c6 b5 42. axb5 axb5 43. Qg2 b4 44. Qc2 Qb6 45. Rc1 Rc7 46. Qc5 Qxc5 47. Rxc5 Bf8 48. Rc1 Bd6 49. Kg2 Ra7 50. Kf3 Kg7 51. Bb5 Kf7 52. h4 Ke8 53. c7+ 1-0